000 01973cam a22001934a 4500
005 20250605164032.0
008 250528s ||||||||||||||||||||||||d
035 _a16683
020 _a9607306236
040 _aGR-AtMCL
_bgre
_dGR-AtMCL
_eAACR2
245 1 _aΧρήμα - Πίστη - Τράπεζες / Μια Εισαγωγή στη Νομισματική Θεωρία και Πολιτική και στις Χρηματοπιστωτικές Αγορές
260 _bΣταμούλης Α,
_c1993
300 _a464
520 _aΠρόλογος, Εισαγωγή, Χρήμα και Οικονομική Δραστηριότητα, Έννοια και Λειτουργίες και Εξέλιξη του Χρήματος, Η Δημιουργία Χρήματος από το Τραπεζικό Σύστημα και η Προσφορά Χρήματος, Το Χρηματοπιστωτικό Σύστημα και οι Χρηματοπιστωτικές Αγορές, Η Ζήτηση Χρήματος, Η Ισορροπία στην Αγορά Χρήματος, Η Νομισματική Πολιτική στα Πλαίσια της Γενικής Οικονομικής Πολιτικής, Το Χρήμα στις Διεθνείς Οικονομικές Σχέσεις, Συνάλλαγμα και Συναλλαγματική Πολιτική και Αγορές Συναλλάγματος, Αγορές Κεφαλαίου και Αγορές Εργασίας, Οι Αγορές Χρήματος, Future και Swaps και Options, Αγορές Όψεως και Προθεσμιακές Αγορές, Τα Επιτόκια και η Διάρθρωση τους, Τα Επιτόκια και οι Αποδόσεις των Τοκοφόρων Τίτλων, Η Διάρθρωση των Επιτοκίων, Βιβλιογραφία.
700 1 _aΖαχαριάδης-Σούρας Δημήτρης
_92771
942 _cBK
999 _c2158
_d2158